000 02210nam a22003617a 4500
005 20121219124141.0
008 121219t xxu||||| |||| 00| 0 eng d
010 _aENG-106454-458
020 _a9788182205352(Set)
_c12500.00(set of 5 vols.)
020 _a9788182205369(v.1)
_c12500.00(set of 5 vols.)
020 _a9788182205376(v.2)
_c12500.00(set of 5 vols.)
020 _a9788182205383(v.3)
_c12500.00(set of 5 vols.)
020 _a9788182205390(v.4)
_c12500.00(set of 5 vols.)
020 _a9788182205406(v.5)
_c12500.00(set of 5 vols.)
035 _aEN-89987-991
037 _bDBAD/PUB
040 _aDPL
_bEng
082 _a530.092
245 _aEncyclopaedic biography of the world great physicists /
_cedited by S.K. Basu
250 _a2nd ed
260 _aNew Delhi
_bGlobal Vision Publishing House
_c2013
270 _a20, Ansari Road Daryaganj
_bNew Delhi
_e110002
300 _a5V.(xxiii,368,S23p. ;xxiii,369-731,S25-63p. ; xxiii,733-1100,S65-107p.;xxiii,1101-1404,S109-144p.;xxiii,1405-1760,S145-151p.) :
_c24cm(Hb)
_bill.
500 _aIncludes bibliographical references and index
700 _954441
_aBasu, S.K.
700 _954442
942 _2ddc
_cEN
_h530.092
_mENC
999 _c72299
_d72299